Elements of Mechanical and Electrical Engineering/ (Record no. 186338)

MARC details
000 -LEADER
fixed length control field 00732nam a2200205 4500
005 - DATE AND TIME OF LATEST TRANSACTION
control field 20220223153919.0
010 ## - LCCN (DPL NO)
LC control number ENG-131770
020 ## - INTERNATIONAL STANDARD BOOK NUMBER
International Standard Book Number 9788195368709
Terms of availability 352.00
035 ## - SYSTEM CONTROL NUMBER
System control number EN-115302
037 ## - SOURCE OF ACQUISITION
Source of stock number/acquisition DBAD/PUB
082 ## - DEWEY DECIMAL CLASSIFICATION NUMBER
Classification number 621
100 ## - MAIN ENTRY--PERSONAL NAME
Personal name Kumar, M. Sreenivasa
245 ## - TITLE STATEMENT
Title Elements of Mechanical and Electrical Engineering/
Statement of responsibility, etc M. Sreenivasa Kumar, D. Jagadish and SK. Karimulla
260 ## - PUBLICATION, DISTRIBUTION, ETC. (IMPRINT)
Place of publication, distribution, etc Hyderabad
Name of publisher, distributor, etc Amaravati Publications
Date of publication, distribution, etc 2021
270 ## - ADDRESS
Address #326/C, III Floor, Surneni Nilayam Near B K Guda Park, S R Nagar
City Hyderabad
Postal code 500038
Telephone number 011238000657
Electronic mail address studentshelpline.in@gmail.com
300 ## - PHYSICAL DESCRIPTION
Extent xvi,384p.
Dimensions 24cm(pbk)
700 ## - ADDED ENTRY--PERSONAL NAME
Personal name Jagadish, D.
700 ## - ADDED ENTRY--PERSONAL NAME
Personal name Karimullla, Sk.
942 ## - ADDED ENTRY ELEMENTS (KOHA)
Source of classification or shelving scheme Dewey Decimal Classification
Item type English Books
Classification part 621
Call number suffix SRE
Holdings
Withdrawn status Lost status Not for loan Collection code Home library Current library Date acquired Source of acquisition Cost, normal purchase price Full call number Barcode Copy number Cost, replacement price Koha item type
      Non-fiction Patel Nagar Patel Nagar 23/02/2022 DBAD/PUB 352.00 621 SRE EN-115302 1 352.00 English Books

© Delhi Public Library
Hit Counter
free hit counter